History Quiz

Random History or Year Quiz

Status of the States in 1861 Quiz Stats

 Plays Quiz Updated Apr 2, 2017

Support Sporcle.
Go Orange.
Score 0/50 Timer 05:00
0 Plays Today
% Correct
Union Free State
79.1%
Union Free State
78.6%
Union Free State
78.5%
Union Free State
78.3%
Union Free State
78.1%
Confederate State
77.4%
Union Free State
77.3%
Confederate State
77.3%
Confederate State
77.1%
Confederate State
75.9%
Union Free State
75.7%
Union Free State
75.7%
Union Free State
75.3%
Confederate State
74.5%
Union Free State
74.5%
Union Free State
74.4%
Union Free State
72.6%
Union Free State
72.5%
Confederate State
72.1%
Confederate State
71.2%
Confederate State
70.6%
Confederate State
70.5%
Russian Colony
70.2%
Confederate State
69.6%
Independent Kingdom
67.7%
% Correct
Confederate State
66.8%
Union Free State
66.5%
US Territory
63%
US Territory
62.8%
US Territory
62.5%
Union Free State
61.8%
Union Free State
61.5%
US Territory
61.3%
Union Free State
61.3%
US Territory
61%
US Territory
60.7%
US Territory
59.9%
US Territory
57.9%
US Territory
57.2%
US Territory
56.8%
US Territory
56%
Indian Territory
55%
US Territory
46.2%
Union Slave State
45.7%
Union Slave State
45.3%
Union Slave State
44.3%
Part of Another State
43.3%
Union Free State
40.9%
Union Free State
37.7%
Union Slave State
26.6%

You're not logged in!

Compare scores with friends on all Sporcle quizzes.
OR
Log In

From the Vault

Friends Characters by Lego

by Nietos

Well, when you can't make any friends, just build them. Right?
Remove Ads.
Support Sporcle.
Get the best of Sporcle when you Go Orange. This ad-free experience offers more features, more stats, and more fun while also helping to support Sporcle. Thank you for becoming a member.

Show Comments

Extras

Top Quizzes Today


Score Distribution

Your Account Isn't Verified!

In order to create a playlist on Sporcle, you need to verify the email address you used during registration. Go to your Sporcle Settings to finish the process.

Report this User

Report this user for behavior that violates our Community Guidelines.

Details: